Understanding Deep Learning.
Gespeichert in:
| 1. Verfasser: | |
|---|---|
| Format: | Unbekannt |
| Veröffentlicht: |
Cambridge, Massachusetts, USA; London, England:
The MIT Press,
2023.
|
| Schlagworte: | |
| Tags: |
Tag hinzufügen
Keine Tags, Fügen Sie den ersten Tag hinzu!
|
MARC
| LEADER | 00000 a2200000 4500 | ||
|---|---|---|---|
| 003 | CL-VaPUC | ||
| 005 | 20240108155909.0 | ||
| 008 | 240102t2023 ||||| |||| 00| 0 eng d | ||
| 999 | |c 442781 |d 442779 | ||
| 020 | |a 978-0262048644 | ||
| 040 | |c Pontificia Universidad Católica de Valparaíso | ||
| 082 | 7 | |a 006.32 PRI 2023 |2 23 | |
| 100 | |a Prince, Simon J.D. |9 886729 |e author | ||
| 245 | |a Understanding Deep Learning. | ||
| 260 | |a Cambridge, Massachusetts, USA; |a London, England: |b The MIT Press, |c 2023. | ||
| 300 | |a xi, 527 páginas; |b ilustraciones. | ||
| 583 | |k GC |c 20240102 | ||
| 650 | 0 | |a Redes neuronales artificiales |9 863299 |x Algoritmos de aprendizaje |x Predictores | |
| 650 | 0 | |a Aprendizaje profundo |9 886896 | |
| 942 | |2 ddc |c BK | ||
| 952 | |0 0 |1 0 |2 ddc |4 0 |6 006_320000000000000_PRI_2023 |7 0 |8 A |9 593066 |a BIBING |b BIBING |c GEN |d 2024-01-02 |e 1 |g 94794.75 |i 5659959 |l 2 |m 3 |o 006.32 PRI 2023 |p 5659959 |r 2025-01-20 |s 2024-03-18 |t 3 |v 94794.75 |w 2024-01-02 |y BK |k CCI | ||
| 952 | |0 0 |1 0 |2 ddc |4 0 |6 006_320000000000000_PRI_2023 |7 0 |8 A |9 593067 |a BIBING |b BIBING |c GEN |d 2024-01-02 |e 1 |g 94794.75 |i 5659958 |l 1 |m 1 |o 006.32 PRI 2023 |p 5659958 |r 2025-01-20 |s 2024-04-22 |t 2 |v 94794.75 |w 2024-01-02 |y BK |k CCI | ||
| 952 | |0 0 |1 0 |2 ddc |4 0 |6 006_320000000000000_PRI_2023 |7 0 |8 A |9 593069 |a BIBING |b BIBING |c GEN |d 2024-01-02 |e 1 |g 94794.75 |i 5659957 |l 1 |o 006.32 PRI 2023 |p 5659957 |r 2025-01-20 |s 2024-12-03 |t 1 |v 94794.75 |w 2024-01-02 |y BK |k CCI | ||